Salomon et L'Ecclesiaste: etude critique

Saved in:
Bibliografiske detaljer
Hovedforfatter: Motais, Alexandre (auteur)
Format: Bog
Sprog:fransk
Udgivet: París Berche et Tralin 1876
Udgivelse:1a. ed
Fag:
Tags: Tilføj Tag
Ingen Tags, Vær først til at tagge denne postø!

MARC

LEADER 00000cam a2200000 a 4500
001 UCD2469
003 CL-VaPUC
008 160428e18760000fr |||||||||||||||||fre|d
082 0 4 |a 223.96  |b MOT  |2 21 
100 |a Motais, Alexandre  |e auteur  |9 585565 
245 1 0 |a Salomon et L'Ecclesiaste: etude critique 
250 |a 1a. ed 
300 |a t 
942 |c BK 
945 |d 20160428 21:50:00  |a dcastane 
260 |a París  |b Berche et Tralin  |c 1876 
500 |a t.1: le texte. Les doctrines 
500 |a t.2: l'age. l'auteur 
650 7 |a SALOMON  |2 CL-VaPUC  |9 545529 
650 7 |a ECLESIASTES  |2 CL-VaPUC  |9 391440 
650 0 |a Antiguo testamento   |9 313678 
650 0 |a Biblia  |9 257603 
583 |a last modification  |c 20160428 21:50:00  |k Rodrigo Vera 
999 |c 363631  |d 363629 
952 |0 0  |1 0  |3 erd  |4 0  |6 223_960000000000000_MOT_1876  |7 0  |8 X  |9 476231  |a BIBTEO  |b BIBTEO  |c TEO_FFR  |h t.2  |i 5228778  |o 223.96 MOT 1876  |p 5228778  |r 2024-01-18  |w 2019-11-24  |y BK_X  |z Catalogado en:20160428  |k OFM 
952 |0 0  |1 0  |3 erd  |4 0  |6 223_960000000000000_MOT_1876  |7 0  |8 X  |9 476232  |a BIBTEO  |b BIBTEO  |c TEO_FFR  |h t.1  |i 522876K  |o 223.96 MOT 1876  |p 522876K  |r 2024-01-18  |w 2019-11-24  |y BK_X  |z Catalogado en:20160428  |k OFM